Quizzes
Events
Quiz Creation
Community
Videos
Private Events
Remove Ads
Sign In
Join for FREE
Feedback
Dark Mode
Quiz Categories
Sports
Geography
Music
Movies
Television
Just For Fun
Miscellaneous
History
Literature
Language
Science
Gaming
Entertainment
Religion
Holiday
For Kids
Quiz Lab
Recent
Popular Today
Quiz Kudos Today
Editor Picks
Curator Picks
Quizzes by...
Day
Popularity
Type
Ratings
Length
Year
Community
Subscriptions
Recent Discussions
Orange Saloon
Badges
Playlists
Quests
Create
Leaderboards
Showdown
Live 5
Trivia Bingo
Activity
Puzzle Library
Sporcle Events
Private Events
Virtual Trivia
Globe League
Become a Host
Pub Owners
SporcleCon
Opinionation
Our Games
Videos
Blog
Mobile Apps
Partnerships
Remove Ads and Go Orange
Feedback
Television
TV Characters
TV Show
Sitcom
Network
Friends
Reality Shows
Cast
South Park
Star Trek
The Simpsons
Doctor Who
Television
TV Characters
TV Show
Sitcom
Network
Friends
Reality Shows
Cast
South Park
Star Trek
The Simpsons
Doctor Who
Random Quiz
Search Sporcle
×
Quiz Lab
Quiz Lab
Television
instrument
Type in answers that appear in a list
Type in answers that appear in a list
Classic
Best Score? Go Orange.
Banana Splits Names Stats
Can you name the Banana Splits?
By
TomRichardson
2m
4 Questions
81 Plays
81 Plays
81 Plays
Comments
Comments
Give Quiz Kudos
Give Quiz Kudos
-
- Ratings
hide this ad
Replay
Link that replays current quiz
Next Quiz
Link to next quiz in quiz playlist
You Got
0%
They Got
Avg Score
91%
Avg Friend Score
Upgrade to see
Score Distribution
Jump to the score distribution portion of the page
Score
0/4
Timer
02:00
0
Plays Today
Instrument
Banana Split
% Correct
Drums, vocals
Bingo
93.8%
Keyboards, effects
Snorky
93.8%
Bass, vocals
Drooper
91.4%
Guitar, vocals
Fleegle
87.7%
Quiz Playlist
Details
Report
Send in Message
Add To Playlist
Classic:
Type in answers that appear in a list
Last Updated: Feb 16, 2017
Quiz Scoreboard
CHALLENGE
Sign Up to Join the Scoreboard
Show All
Scores
Hide
Comments
May contain spoilers
Recently Published
Alphabetical 'K' Countries by Flag Minefield
by ylime102
Geography
3m
Pick 6: Fruits
by JohnFran
Miscellaneous
15s
Click the 1999 NBA Draft
by nibperrychub
Sports
2m
More to Explore
Quiz From the Vault
Featured Blog Post
15 Basketball Trivia Facts You Can Be March Mad About
hide this ad
You Might Also Like...
Tags
banana
instrument
Today's Top Quizzes in Television
Browse Television
hide this ad
Today's Top Quizzes in instrument
Browse instrument
Top Contributed Quizzes in Television
1
One Piece Logic Puzzle
2
First Name TV: Leading Men
3
Hidden Simpsons Character XXIV
4
Hidden Simpsons Character
5
Pick A Pair: Religious TV
6
Best of Ross
7
First Name TV: Leading Women Drama
8
Demon Slayer Impossible Quiz
9
Hidden Simpsons Character XXV
10
Hidden Simpsons Character XXVI
Explore More
Trending Topics
Harry Potter
Kpop
NBA
Marvel
Disney
Crossword
Anime
Country
NFL
The Office
Pokémon
Puzzle
Song
WWE
Soccer
hide this ad
More By:
TomRichardson
Quiz
Plays
Rating
Category
Featured
Created
Banana Splits Names
81
Television
Jun 6, 2012
Go to Creator's Profile
Score Distribution
Quiz Creator Spotlight
TomRichardson
Follow
Send a Message
Quizzes Created
-
Created Quiz Play Count
-
More By This Creator
Popular Quizzes Today
1
Find the US States - No Outlines Minefield
2
Countries of Asia Without Outlines Minefield
3
Pick 6: Fruits
4
Alphabetical 'K' Countries by Flag Minefield
5
The Countries of the World
6
Click the 1999 NBA Draft
7
Find the US States
8
Match the Book to the Film X
More Television Quizzes
Family TV
Published
Trending Quizzes
Pick 6: Harry Potter
Pick 6: Golfers
Pick 6: Movie Franchises
Pick 6: Foods
Pick 6: Landmarks
Recently Updated
Women's Final Four Teams by Year
bhenderson79
Presidents Quartet II
eogle
Anything But Clue(do)
eogle
Anything But Oceanian Capitals
eogle
Anything But 7
eogle
Anything But Thing
eogle
Word Ladder: February 29
pecheneg
Song Title Questions
pecheneg
Women's NCAA Tournament #1 Seeds
pecheneg
Celebrity Mug Shots
pecheneg
Trending Topics
Marvel
NBA
Disney
Anime
Kpop
Harry Potter
Crossword
Pokémon
The Office
NFL
Soccer
Country
WWE
Song
Puzzle
Your Account Isn't Verified!
In order to create a playlist on Sporcle, you need to verify the email address you used during registration. Go to your
Sporcle Settings
to finish the process.
Report this User
Report this user for behavior that violates our
Community Guidelines
.
Details:
Send Report
Go to the Sporcle.com Mobile Site →
Comments